[Event "Granada Region-ch"]
[Site "Granada"]
[Date "2013.??.??"]
[Round "1.6"]
[White "Romero Fernandez, Angel"]
[Black "Orantes Taboada, Francisco"]
[Result "0-1"]
[WhiteElo "1177"]
[BlackElo "1766"]
[PlyCount "44"]
[EventDate "2013.01.20"]
[EventType "swiss"]
[EventRounds "6"]
[EventCountry "ESP"]
[SourceTitle "EXT 2024"]
[Source "ChessBase"]
[SourceDate "2023.10.10"]
[SourceVersion "1"]
[SourceVersionDate "2023.10.10"]
[SourceQuality "1"]

1. e4 c5 2. Nc3 Nc6 3. Nf3 e5 4. Bc4 d6 5. h3 Be7 6. d3 Nf6 7. Be3 0-0 8. Qe2 a6 9. 0-0 b5 10. Bd5 Bb7 11. Bxc6 Bxc6 12. b3 b4 13. Nd1 Nd7 14. Qd2 f5 15. Bg5 fxe4 16. Bxe7 Qxe7 17. dxe4 Bxe4 18. Ng5 Bb7 19. Ne3 Qxg5 20. Rfd1 Bf3 21. Re1 Bxg2 22. Nxg2 Qxd2 0-1